Europa ante el espejo (Registro nro. 43828)

Detalles MARC
000 -ENCABEZADO
Número de control [NR] 00673nam a2200217Ia 4500
008 - DE LONGITUD FIJA DE DATOS DE ELEMENTOS - INFORMACIÓN GENERAL
Elementos de longitud fija [NR] 130821s2000 sp gr spa
020 ## - NUMERO INTERNACIONAL NORMALIZADO PARA LIBROS [R]
Número Internacional Normalizado del libro [NR] 8484321142
040 ## - FUENTE DE CATALOGACION [NR]
Agencia de catalogación original [NR] Co-BoUCM
Idioma de catalogación [NR] spa
041 00 - CODIGO DE IDIOMA [R]
Código de idioma para texto/pista de sonido o título separado [R] Español
092 ## - SIGNATURA TOPOGRAFICA LOCAL
Número de clasificación local 940
Edition number 20
100 ## - ASIENTO PRINCIPAL--NOMBRE PERSONAL [NR]
Nombre personal [NR] Fontana, Josep.
245 10 - MENCION DE TITULO [NR]
Título [NR] Europa ante el espejo
Mención de responsabilidad, etc. [NR] Josep Fontana
260 ## - PUBLICACION, DISTRIBUCION, ETC. (PIE DE IMPRENTA) [R]
Lugar de publicación, distribución, etc. [R] Barcelona (España)
Nombre del editor, distribuidor, etc. [R] Crítica
Fecha de publicación, distribución, etc. [R] 2000
300 ## - DESCRIPCION FISICA [R]
Extensión [R] 195 páginas
490 ## - MENCION DE SERIE [R]
Mención de serie [R] Biblioteca de Bolsillo
Designación numérica/secuencial del volumen [NR] 47.
504 ## - NOTA DE BIBLIOGRAFIA, ETC. [R]
Nota de bibliografía, etc. [NR]
651 ## - ASIENTO SECUNDARIO DE MATERIA - NOMBRE GEOGRAFICO [R]
Nombre geográfico [NR] Europa
Subdivisión general [R] Condiciones económicas
9 (RLIN) 26622
651 ## - ASIENTO SECUNDARIO DE MATERIA - NOMBRE GEOGRAFICO [R]
Nombre geográfico [NR] Europa
Subdivisión general [R] Condiciones sociales
9 (RLIN) 26622
651 ## - ASIENTO SECUNDARIO DE MATERIA - NOMBRE GEOGRAFICO [R]
Nombre geográfico [NR] Europa
Subdivisión general [R] Historia
9 (RLIN) 26622
942 ## - ELEMENTOS DE ENTRADA AGREGADOS (KOHA)
Tipo de ítem principal el descrito en 300a Libro de reserva
Sistema de clasificación DEWEY
Tema principal Historia
Edición 1
Clasificación 940
Parte restante de la signatura top. f679e
Existencias
Fecha de último préstamo Total préstamos Signatura topográfica Código de barras Última vez visto Ejemplar Price effective from Tipo de ítem Perdido Sistema de clasificación Dañado No prestable Tipo de ítem específico Suprimido Ubicación habitual Ubicación actual Localización Fecha de creación Forma de adquisición Costo
26/01/2018 26 940 f679e 100068404 09/12/2025 Ej.1 03/02/2013 Libro de reserva   DEWEY     Libro de reserva   Claustro Claustro 2do piso 28/02/2004 Compra 22000.00